| 000 | 02721nam a2200493 a 4500 | ||
|---|---|---|---|
| 003 | BLK | ||
| 005 | 20250714120817.0 | ||
| 008 | 180413b bul|||||r ||||||| ||bul|| | ||
| 020 | _a954-649-227-2 | ||
| 040 | _aBLK | ||
| 041 |
_aBUL _cBUL |
||
| 080 |
_aПсихология на пола _b159.922.1 _z159.922.1 |
||
| 080 |
_aСемейна етика. Вж и 176 ; 343.3/.7 ; 347.6 ; 392 _b173 _z173 |
||
| 080 |
_aЛюбов. Дружба. Привързаност. Флирт _b177.6 _z177.6 |
||
| 080 |
_aГлавен мозък. Мозъчни центрове. Вж и 159.91 ; 613.8 _b612.82 _z612.82 |
||
| 080 |
_aПолово възпитание. Хигиена на половия живот - Полови излишества, проституция, полово въздържание _b613.88 _z613.88 |
||
| 100 | 1 |
_aПийз, Алън _9266453 |
|
| 245 | 1 | 0 |
_aВойната за вдигнатия капак на тоалетната чиния _bЗащо мъжете не чуват, а жените не могат да се ориентират по карта _cАлън Пийз; съавт. Барбара Пийз; прев. от англ. Корнелия Стефанова Великова-Дарева. |
| 257 | _aAUS | ||
| 260 |
_bСиела Софт енд Паблишинг _c1999 _fСофия : Д. Благоев _aСофия |
||
| 300 |
_a320 с. _bс ил. _c21 см |
||
| 380 | _a1 | ||
| 490 | _aПоредица Новата ера в общуването | ||
| 500 | _aОриг. загл. Why Men Don't Listen and Women Can't Read Maps / Allan Pease. - Офс. изд. | ||
| 650 | 4 |
_aЖени - психология и поведение _9243391 |
|
| 650 | 4 |
_aМъже - психология и поведение _9243392 |
|
| 650 | 4 |
_aВзаимоотношения - между половете _9262443 |
|
| 650 | 4 |
_aСемейни отношения - психология и етика _9244197 |
|
| 650 | 4 |
_aПолов живот _9243701 |
|
| 650 | 4 |
_aГлавен мозък - физиология _9244295 |
|
| 653 | _aсемейна етика | ||
| 653 | _aполов живот | ||
| 653 | _aпсихология | ||
| 653 | _aповедение | ||
| 700 | 1 |
_aПийз, Барбара _eсъавт. _9266454 |
|
| 700 | 1 |
_aВеликова-Дарева, Корнелия Стефанова _eпрев. от англ. _9266455 |
|
| 852 | _aЦб 201995 | ||
| 856 | 4 |
_qpdf _u |
|
| 856 | 4 |
_qpdf _u |
|
| 942 |
_cKNG _n0 _024 |
||
| 944 |
_aCR _c15.01.2003 _lЦветомила Тодорова _k30576 |
||
| 944 |
_aED _c02.11.2016 _lф / _kВиолета_Тройчева |
||
| 999 |
_c22537 _d22537 |
||